000 00463nam a2200133Ia 4500
008 170516s9999 xx 000 0 und d
245 _aSide marker creep: have radiographers changed their side marker habits? (pages 143–144)
260 _bJournal of Medical Radiation Sciences
260 _c2016
300 _a63:3
650 _xRadiologic Technology
650 _xRadtech
856 _uhttp://onlinelibrary.wiley.com/doi/10.1111/jmrs.2016.63.issue-3/issuetoc
999 _c332819
_d332819